|
|
|
แสดงรายละเอียดบรรณานุกรม |
|
|
Brief Record
: Get Marc (ISO 2709)
: E-mail record
: |
|
|
| LEADER 00000nam 2200000uu 4500 | |||
| 001 53827 | |||
| 003 ULIBM | |||
| 008 220726s||||||||th 000 0 tha d | |||
| 020 ^a9786161840914 | |||
| 082 0 ^aย^bบ - พ | |||
| 100 0 ^aบอม,แอล.แฟรงก์ | |||
| 245 00 ^aพ่อมดแห่งออซ=^bThe Wonderful WiZard of Oz/^cแอล.แฟรงก์ บอม | |||
| 250 ^aพิมพ์ครั้งที่ 1 | |||
| 260 ^aกรุงเทพฯ:^bแพรว,^c2564 | |||
| 300 ^a262 หน้า:^bภาพประกอบ 195 บาท | |||
| 541 ^a195 บาท | |||
| 700 0 ^aธิดารัตน์ เจริญชัยชนะ,^eผู้แปล | |||
| 999 ^ananthaya | |||
| คุณยังไม่ได้ล็อกอิน คุณสามารถมีกิจกรรมร่วมกับเว็บไซต์ได้ แต่ต้องล็อกอินก่อน :: |
|
| สถานะ | |||||||||
| 1. | หนังสือ | ย บ - พ Barcode: 084953 | ►หนังสือเยาวชน | On Shelf ขอยืม | |||||
| [แสดง 1/1 รายการ] | |||||||||

BibComment |
| คอมเมนท์ทรัพยากรรายการนี้ |
|
|
ห้องสมุดโรงเรียนสามัคคีวิทยาคม
159 ถ.บรรพปราการ ต.เวียง อ.เมือง จ.เชียงราย 57000
โทร. 053-711018 โทรสาร 053-713003